| 000 | 00863nam a2200241 a 4500 | ||
|---|---|---|---|
| 001 | BRCA_7507 | ||
| 005 | 20190320205850.0 | ||
| 008 | 070513s1998----mx-a######---#000-0#spa-# | ||
| 020 | _a968783501X | ||
| 041 | _aspa | ||
| 044 | _amx | ||
| 050 | 4 |
_aF1221.T5 _b.M37 1998 |
|
| 100 | 1 |
_aMartínez Saldaña, Tomás _918510 |
|
| 245 | 1 | 0 |
_aLa diáspora tlaxcalteca _bcolonización agrícola del norte mexicano _cTomás Martínez Saldaña. |
| 250 | _a2 | ||
| 260 |
_aMéxico _bTlaxcallan, Ediciones del Gobierno del Estado de Tlaxcala _c1998 |
||
| 300 |
_a170 p. _bil., mapas _c28 cm. |
||
| 500 | _aEstado físico: la hoja de la portada desprendida | ||
| 504 | _aBibliografía: p. 167-[173] | ||
| 650 | 1 | 4 |
_aIndígenas tlaxcaltecas _xColonización _zNorte de México _918511 |
| 650 | 1 | 4 |
_aIndígenas tlaxcaltecas _xAgricultura _zNorte de México _918512 |
| 942 |
_2lcc _cB |
||
| 999 |
_c7182 _d7182 |
||